MARC

LEADER 00000nam0a2200000 4500
001 272497
005 20231101234535.0
035 |a (RuTPU)RU\TPU\book\295704 
090 |a 272497 
100 |a 20141018d1987 km y0rusy50 ca 
101 0 |a rus 
102 |a RU 
105 |a a z 001zy 
200 1 |a Монтаж силового электрооборудования промышленных предприятий  |f В. А. Кожемякин 
210 |a Москва  |c Энергоатомиздат  |d 1987 
215 |a 224 с.  |c ил. 
320 |a Библиогр.: с. 223 
606 1 |a Электрооборудование  |x Монтаж  |2 stltpush  |3 (RuTPU)RU\TPU\subj\20593  |9 45687 
610 1 |a силовое электрооборудование 
610 1 |a монтажные работы 
610 1 |a нормативные документы 
610 1 |a подготовка 
610 1 |a организация 
610 1 |a преобразовательные подстанции 
610 1 |a электрические машины 
610 1 |a пусковые устройства 
610 1 |a кабельные сети 
610 1 |a заземление 
675 |a 621.31.002.72  |v 3 
700 1 |a Кожемякин  |b В. А.  |g Владимир Андреевич 
801 1 |a RU  |b 63413507  |c 20141018 
801 2 |a RU  |b 63413507  |c 20170316  |g RCR 
942 |c BK